Statistics for World Cities at or Below Sea Level

Click here to take the quiz!

General Stats

  • This quiz has been taken 13 times
  • The average score is 6 of 29

Answer Stats

Elevation (meters)PopulationCity% Correct
-22,525,000Amsterdam
100%
-283,675,000Baku
62%
07,850,000Singapore
46%
0133,400Male
38%
02,625,000Tunis
23%
041,600Apia
15%
0100,700Bandar Seri Begawan
15%
014,000Basseterre
15%
014,700
Roseau
15%
0612,000Djibouti
15%
06,300Funafuti
15%
013,000Kingstown
15%
038,400Monaco
15%
027,600Nuku'alofa
15%
01,410,000Panama City
15%
037,000Port of Spain
15%
051,437Port Vila
15%
0159,000Praia
15%
022,200Saint John's
15%
03,850,000Santo Domingo
15%
070,500South Tarawa
15%
094,000Suva
15%
026,000Victoria
15%
0748,000Banjul
8%
0492,000Bissau
8%
02,450,000Conakry
8%
0118,300Georgetown
8%
0704,000Libreville
8%
01,530,000Monrovia
8%

Score Distribution

Percentile by Number Answered

Percent of People with Each Score

Your Score History

You have not taken this quiz